Banner

Tejidos Contables : (Record no. 1959)

MARC details
000 -LEADER
campo de control de longitud fija 01111nam a22002297a 4500
003 - IDENTIFICADOR DE NÚMERO DE CONTROL
campo de control OSt
005 - FECHA Y HORA DE LA ÚLTIMA TRANSACCIÓN
campo de control 20250217231917.0
008 - DATOS DE LONGITUD FIJA--INFORMACIÓN GENERAL
campo de control de longitud fija 250217b |||||||| |||| 00| 0 eng d
020 ## - NÚMERO INTERNACIONAL ESTÁNDAR DEL LIBRO
Número Internacional Estándar del Libro 9789584825612
040 ## - FUENTE DE CATALOGACIÓN
Centro catalogador/agencia de origen CO-UDECOLOMBIA
Centro/agencia transcriptor CO-UDECOLOMBIA
Centro/agencia modificador CO-UDECOLOMBIA
082 04 - NÚMERO DE LA CLASIFICACIÓN DECIMAL DEWEY
Número de clasificación 657.61
Número de ítem C749
110 2# - ENTRADA PRINCIPAL--NOMBRE DE ENTIDAD CORPORATIVA
Nombre de entidad corporativa o nombre de jurisdicción como elemento de entrada XXVII Congreso Nacional de Estudiantes de Contaduría Pública
9 (RLIN) 2839
245 10 - MENCIÓN DEL TÍTULO
Título Tejidos Contables :
Resto del título Memorias /
Mención de responsabilidad, etc. XXVII Congreso Nacional de Estudiantes de Contaduría Pública, VII Congreso Latinoamericano de Estudiantes de la Disciplina Contable.
260 3# - PUBLICACIÓN, DISTRIBUCIÓN, ETC.
Lugar de publicación, distribución, etc. Medellín :
Nombre del editor, distribuidor, etc. Fenecop,
-- Gecua,
Fecha de publicación, distribución, etc. 2017.
300 ## - DESCRIPCIÓN FÍSICA
Extensión 333 p. ;
Dimensiones 24 cm.
505 0# - NOTA DE CONTENIDO CON FORMATO
Nota de contenido con formato Pensamiento hegemónico y su relación con lo contable -- Cultura y educación contable -- Realidades Latinoamericanas y la Contabilidad -- El papel de la Contabilidad en las Organizaciones
650 04 - PUNTO DE ACCESO ADICIONAL DE MATERIA--TÉRMINO DE MATERIA
Término de materia o nombre geográfico como elemento de entrada Contaduría Pública
Subdivisión geográfica Colombia
9 (RLIN) 294
650 04 - PUNTO DE ACCESO ADICIONAL DE MATERIA--TÉRMINO DE MATERIA
Término de materia o nombre geográfico como elemento de entrada Contaduría
Subdivisión geográfica Colombia
9 (RLIN) 2842
650 04 - PUNTO DE ACCESO ADICIONAL DE MATERIA--TÉRMINO DE MATERIA
Término de materia o nombre geográfico como elemento de entrada Educación contable
9 (RLIN) 2841
710 2# - ENTRADA AGREGADA--NOMBRE DE ENTIDAD CORPORATIVA
Nombre de entidad corporativa o nombre de jurisdicción como elemento de entrada VII Congreso Latinoamericano de Estudiantes de la Disciplina Contable
9 (RLIN) 2840
942 ## - ELEMENTOS DE ENTRADA SECUNDARIOS (KOHA)
Fuente del sistema de clasificación o colocación Clasificación Decimal Dewey
Tipo de ítem Koha Libros
Parte de la signatura que corresponde a la clasificación (Parte de la clasificación) 657.61 C749
Suprimir en OPAC No
Holdings
Estatus retirado Estado de pérdida Fuente del sistema de clasificación o colocación Estado de daño No para préstamo Colección Biblioteca de origen Biblioteca actual Fecha de adquisición Total de préstamos Signatura topográfica completa Código de barras Visto por última vez Copia número Precio de reemplazo Tipo de ítem Koha
    Clasificación Decimal Dewey     Colección general U DE COLOMBIA - Biblioteca U DE COLOMBIA - Biblioteca 17/02/2025   657.61 C749 001167 17/02/2025 1 17/02/2025 Libros


Biblioteca Académica Corporación Universitaria U DE COLOMBIA | Teléfono: +(57) (4) 2398080 ext. 1112 | E-mail: biblioteca@udecolombia.edu.co | Dirección: Calle 56 Nº 41 – 147 (Bolivia con Girardot)
Horario de atención: lunes a viernes 8:00 a.m. a 8:00 p.m. - sábados 8:00 a.m. a 4:00 p.m.
Implementado por Grupo EGS.

Powered by Koha